000 00691nam a22002417a 4500
003 UA-OsUOA
001 124707
007 ta
008 20170822b un ||||| |||| 00| 0 ukr d
100 _aФольварочний В.
090 _a821.161.2:929
_bФ75
942 _cBK
040 _aUA-OsUOA
_bukr
_cUA-OsUOA
_dUA-OsUOA
245 _aСніг на зеленому листі
_bроман-хроніка про Михайла Ткача
300 _a495 с.
955 _a3
041 _aukr
080 _a821.161.2:929
020 _a978-966-432-127-0
260 _aК.
_c2013
650 7 _a82 Література. Літературознавство
_2UDC
999 _c411851
_d411851